| 000 | 00657cam a22002411 4500 | ||
|---|---|---|---|
| 001 | sa 66006037 | ||
| 003 | DLC | ||
| 005 | 20260227112253.0 | ||
| 008 | 781030s1965 ii 000 0 eng | ||
| 010 | _asa 66006037 | ||
| 025 | _aPL480:I-E-4798 | ||
| 035 | _a(OCoLC)4328977 | ||
| 040 |
_aDLC _cMH _dDLC |
||
| 042 | _apremarc | ||
| 050 | 0 | 0 |
_aJQ220.L3 _bK8 |
| 082 | _a409.54 | ||
| 100 | 1 | _aKumaramangalam, Mohan. | |
| 245 | 1 | 0 |
_aIndia's language crisis; _can introductory study by S. Mohan Kumaramangalam. |
| 250 | _a[1st ed.] | ||
| 260 |
_aMadras, _bNew Century Book House _c[1965] |
||
| 300 |
_avii, 122 p. _c22 cm. |
||
| 651 | 0 |
_aIndia _xLanguages. |
|
| 999 |
_c70262 _d70262 |
||